| 000 | 01244cam a2200373 i 4500 | ||
|---|---|---|---|
| 001 | 31183 | ||
| 003 | KOSZ 005 | ||
| 005 | 20200713135529.0 | ||
| 008 | 970510s1995 pl a f |001 0 pol | ||
| 015 | _aPB 1995/5349 | ||
| 020 | _a8301116862 | ||
| 040 |
_aWA N _cWA N _dKOSZ 005/HR |
||
| 046 | _k1995 | ||
| 080 | _a613.2 | ||
| 999 |
_c31183 _d31183 |
||
| 999 | _b612.3 | ||
| 999 | _b664.017 | ||
| 100 | 1 |
_aWiąckowski, Stanisław Kazimierz _d(1929- ) _eAutor |
|
| 245 | 1 | 0 |
_aPróba ekologicznej oceny żywienia, żywności i składników pokarmowych / _cStanisław K. Wiąckowski. |
| 260 |
_aWarszawa : _bWydaw. Naukowe PWN, _c1995. |
||
| 300 |
_a282, [2] s. : _brys. ; _c21 cm. |
||
| 336 |
_2rdacontent _aTekst _btxt |
||
| 337 |
_2rdamedia _aBez urządzenia pośredniczącego _bn |
||
| 338 |
_2rdacarrier _aWolumin _bnc |
||
| 380 | _aKsiążki | ||
| 388 |
_a1901-2000 _a1989-2000 |
||
| 504 | _aBibliogr. s. 270-278. - Indeks. | ||
| 650 | 4 | _aDietetyka | |
| 650 | 4 | _aZdrowe odżywianie | |
| 650 | 4 | _aŻywność | |
| 658 | _aMedycyna i zdrowie | ||
| 710 | 2 |
_aWydawnictwo Naukowe PWN _4pbl. |
|
| 856 |
_uhttp://koha.tu.koszalin.pl/cgi-bin/koha/opac-detail.pl?biblionumber=31183 _yKatalog online BPK |
||
| 942 |
_2UKD _cKS |
||